000 00453nam a22001817a 4500
003 MPLRDC
005 20220104160022.0
008 210129b ||||| |||| 00| 0 eng d
020 _a7-5044-4171-6
082 _a411.3 LX
100 _a李湘编
245 _a最新芦荟栽培与健康美容
_c
250 _a一版一刷
260 _a中国
_b中国商业出版社
_c2000
300 _b
650 _a营养与食品
942 _cBK
_o411.3 LX
999 _c54777
_d54767